000 00297nam a2200145Ia 4500
100 _aTalele/ K.T.
942 _cBK
654 _acomputer
245 _aInt to Computer Graphics
260 _bVipul prakashan
_c1999
082 _a6.6
_bTAL
300 _a150
546 _aENGLISH
999 _c33322
_d33322